[Event "KNOCK-OUT CHESS TOURNEY"]
[Site "SchemingMind.com"]
[Date "2020.04.30"]
[Round "-"]
[White "Servelión Graterol Hernández"]
[Black "William Lindberg"]
[Result "1/2-1/2"]
[WhiteCountry "VEN"]
[BlackCountry "USA"]
[WhiteElo "2361"]
[WhiteRD "109"]
[BlackElo "2437"]
[BlackRD "66"]
[GameID "454400"]

1. c4 e5 2. Nc3 Nf6 3. Nf3 Nc6 4. e4 Bb4 5. d3 d6 6. a3 Bc5 7. b4 Bb6 8. Na4 Bd4 9. Nxd4 Nxd4 10. Be2 Bd7
11. Nc3 c6 12. O-O O-O 13. Rb1 d5 14. Re1 dxe4 15. dxe4 Nxe2+ 16. Qxe2 Bg4 17. Qb2 Be6 18. c5 h6 19. f3 Nh5 20. Be3 Qc7
21. Red1 Rfd8 22. a4 Qe7 23. Qc2 Bc4 24. g3 Nf6 25. Kg2 Nh7 26. b5 Nf8 27. Rb4 Be6 28. Rbb1 Qc7 29. Qb2 Rxd1 30. Rxd1 Rd8
31. b6 axb6 32. cxb6 Qc8 33. a5 Bc4 34. Qb4 Bd3 35. Rd2 Ne6 36. g4 Rd7 37. Qb2 Nf4+ 38. Kg3 Ba6 39. Na4 Nd3 40. Qc3 h5
41. gxh5 Qd8 42. h4 Kh7 43. Nb2 Nf4 44. Rxd7 Qxd7 45. Bxf4 exf4+ 46. Kxf4 Qh3 47. Ke3= Qxh4 48. Kd2 Qh2+ 49. Kc1 Bb5 50. Nd3 Bxd3
51. Qxd3 Qe5 52. Qd2 Qxh5 53. Qc3 Qb5 54. Kd2 Qf1 55. Ke3 Qg2 56. Kd4 Qf2+ 57. Kc4 Qg2 58. Kd4 Qf2+ 59. Kc4 Qg2 60. Kd4
1/2-1/2

[Event "KNOCK-OUT CHESS TOURNEY"]
[Site "SchemingMind.com"]
[Date "2020.04.30"]
[Round "-"]
[White "William Lindberg"]
[Black "Servelión Graterol Hernández"]
[Result "1/2-1/2"]
[WhiteCountry "USA"]
[BlackCountry "VEN"]
[WhiteElo "2458"]
[WhiteRD "65"]
[BlackElo "2351"]
[BlackRD "109"]
[GameID "454401"]

1. c4 e5 2. g3 c6 3. Nf3 e4 4. Nd4 d5 5. d3 Qb6 6. Nb3 dxc4 7. dxc4 f5 8. Bh3 Na6 9. O-O Nf6 10. Be3 Qc7
11. Nc3 Bd6 12. Bd4 O-O 13. f3 exf3 14. exf3 Qf7 15. Re1 Bc7 16. Qe2 Re8 17. Qf2 f4 18. Rxe8+ Nxe8 19. Bxc8 Rxc8 20. g4 Qxc4
21. Re1 Qf7 22. Bxa7 Nb4 23. Nc1 Nf6 24. Ne4 Nd7 25. Bd4 Nf8 26. Bb6 Bxb6 27. Qxb6 Nd5 28. Qf2 Rd8 29. Nd3 b6 30. b4 Ne6
31. Kh1 Ne3 32. Nxf4 Nxg4 33. fxg4 Qxf4 34. Qxf4 Nxf4 35. Kg1 Ra8 36. Nd6 h6 37. Nf5 Rxa2 38. Re7 Nh3+ 39. Kh1 Nf2+=
1/2-1/2

[Event "KNOCK-OUT CHESS TOURNEY"]
[Site "SchemingMind.com"]
[Date "2020.08.16"]
[Round "-"]
[White "Aleksandr Frenkel"]
[Black "William Lindberg"]
[Result "1/2-1/2"]
[WhiteCountry "USA"]
[BlackCountry "USA"]
[WhiteElo "2479"]
[WhiteRD "88"]
[BlackElo "2416"]
[BlackRD "63"]
[GameID "458704"]

1. e4 e5 2. Nf3 Nc6 3. Bb5 a6 4. Ba4 Nf6 5. O-O Nxe4 6. d4 b5 7. Bb3 d5 8. dxe5 Be6 9. Nbd2 Nc5 10. c3 Nxb3
11. Nxb3 Be7 12. Nfd4 Nxd4 13. cxd4 a5 14. Qc2 Qd7 15. Bd2 Bf5 16. Qc1 a4 17. Nc5 Qc6 18. Bb4 h5 19. Qc3 O-O 20. Nxa4 Qxc3
21. Nxc3 Bxb4 22. Nxd5 Rfd8 23. Nxb4 Rxd4 24. Nc6 Rd7 25. f3 Be6 26. a3 Ra4 27. Rac1 Rc4 28. h3 g5 29. Rxc4 bxc4 30. Rf2 Rd1+
31. Kh2 c3 32. bxc3 Ra1 33. Nd8 Rxa3 34. Nxe6 fxe6 35. h4 gxh4 36. Kh3 Kg7 37. Kxh4 Kg6 38. g4 Ra4 39. f4 hxg4 40. Kxg4 Ra1
41. Rg2 Rf1 42. Rg3 c5 43. Rh3 Rg1+ 44. Kf3 Rf1+ 45. Ke4 Re1+ 46. Kd3 Kf5 47. Rh6 Kxf4 48. Rxe6 Ra1 49. Kc4 Ra3 50. Re8 Ke4
51. Re7 Kf5 52. Rc7 Kxe5 53. Rxc5+ Kd6 54. Rh5 Ra4+ 55. Kb5 Ra1 56. Rh6+ Kc7 57. c4 Rb1+ 58. Kc5 Rg1 59. Rh7+ Kc8 60. Kc6 Rg6+
61. Kb5 Rg5+ 62. c5 Rg6 63. Rf7 Kb8 64. Rf8+ Kc7 65. Rf7+ Kb8 66. Rf8+ Kc7 67. Rf7+=
1/2-1/2

[Event "KNOCK-OUT CHESS TOURNEY"]
[Site "SchemingMind.com"]
[Date "2020.08.16"]
[Round "-"]
[White "William Lindberg"]
[Black "Aleksandr Frenkel"]
[Result "0-1"]
[WhiteCountry "USA"]
[BlackCountry "USA"]
[WhiteElo "2416"]
[WhiteRD "63"]
[BlackElo "2479"]
[BlackRD "88"]
[GameID "458705"]

1. c4 e5 2. Nc3 Nf6 3. Nf3 Nc6 4. g3 d5 5. cxd5 Nxd5 6. Bg2 Nb6 7. O-O Be7 8. b3 O-O 9. Bb2 Re8 10. Rc1 Bf5
11. d3 Qd7 12. a3 a6 13. Re1 Bh3 14. Bxh3 Qxh3 15. Ne4 Qe6 16. b4 Rad8 17. Ned2 Qd5 18. Bc3 Bf8 19. Qc2 h6 20. h3 Be7
21. Kh2 Nc8 22. Bb2 Nb6 23. Nb3 Bd6 24. e4 Qb5 25. d4 Bxb4 26. axb4 Nxb4 27. Qb1 Nd3 28. Ba1 Nd7 29. Qa2 c5 30. d5 a5
31. Qe2 c4 32. Nfd2 Rc8 33. Red1 Nxc1 34. Nxc1 Qc5 35. Nf1 b5 36. Ne3 b4 37. Kg2 Nf6 38. Nf5 Kh7 39. Qf3 c3 40. h4 Qb6
41. g4 Rc4 42. Ng3 Kg8 43. g5 hxg5 44. hxg5 Nh7 45. Rh1 Qg6 46. Qe2 Rc7 47. Qg4 Nxg5 48. Rh5 Ne6 49. Qxg6 Nf4+ 50. Kf3 fxg6
51. Rh1 Rf8 52. Ke3 a4 53. Na2 Ng2+ 54. Ke2 b3 55. Nxc3 a3 56. Rf1 Rb8 57. d6 Nf4+ 58. Ke3 Rc6 59. Nd5 Rxd6 60. Ne2 Nxd5+
61. exd5 Rxd5 62. Nc3 Ra5 63. Rg1 b2 64. Bxb2 Rxb2 65. Kd3 Rc5 66. Rxg6 Rb3 67. Ke4 Rbxc3 68. Ra6 Rb3 69. f3 Rc2 70. Kxe5 a2
71. Ke4 Rb1 72. Kd3 Rh2 73. Ra7 a1=Q 74. Rxa1 Rxa1
0-1